000 01203nam0a2200325 4500
001 RU\NLR\bibl\1294685
005 20260406052735.0
010 _a978-5-17-053585-9
_bАСТ (С.:Шр(м)84)
010 _a978-5-9713-8849-4
_bАСТ МОСКВА
_93000
021 _aRU
_b2008-73475
_94224
035 _a(nilc)IZD\AST\2007\845443
035 _a(NLR Aleph) 001280323
090 _a494871
_c494871
100 _a20081007d2008 |||y0rusy50 ca
101 1 _arus
_ceng
102 _aRU
105 _ay |||||||||
200 1 _aОдин прекрасный вечер
_eроман
_fКристина Додд
_g[пер. с англ. Я.Е. Царьковой]
210 _aМосква
_cАСТ
_cАСТ МОСКВА
_d2008
215 _a318, [1] с.
_d20
686 _a0662
_aИсторический любовный роман
_2TCC-BG
686 _aШ6(7США)67-440.4{Лх1979-50}
700 1 _4070
_8rus
_7ca
_aДодд
_bК.
_gКристина
_3RU\NLR\auth\777645
_9117577
801 0 _aRU
_bЛИБНЕТ
_c20081007
801 1 _aRU
_bЦУНБ Москва
_c20081105
_2rusmarc
801 2 _aRU
_bNLR
_c20081114
_grcr
830 _aCODE_OF_LIBNET\000013856
942 _cBOOK
980 _aNB